000 00208 a2200097 4500
001 10875
100 _aJan Daumi
245 _aAkhalaki Zandagie ka Na
260 _a
_bMaqbool Academy
_c
090 _c8449
_d8449
942 _aNUST-CAE
_cM
_c35210
999 _c245948
_d245948